[Event "CRO-chT3 West"]
[Site "Croatia"]
[Date "2017.04.09"]
[Round "6.3"]
[White "Radmanovic, Lazar"]
[Black "Siljan, Milorad"]
[Result "1-0"]
[WhiteElo "1792"]
[BlackElo "1989"]
[PlyCount "77"]
[EventDate "2017.03.25"]
[EventType "team-tourn"]
[EventRounds "9"]
[EventCountry "CRO"]
[SourceTitle "EXT 2019"]
[Source "ChessBase"]
[SourceDate "2018.10.10"]
[SourceVersion "1"]
[SourceVersionDate "2018.10.10"]
[SourceQuality "1"]

1. e4 Nf6 2. Nc3 e5 3. d3 Bb4 4. Bd2 0-0 5. Nf3 d6 6. Be2 Nc6 7. 0-0 Bg4 8. Bg5 Bxc3 9. bxc3 h6 10. Bh4 g5 11. Nxg5 Bxe2 12. Qxe2 hxg5 13. Bxg5 Kg7 14. f4 Qc8 15. fxe5 Ng4 16. Bf6+ Nxf6 17. exf6+ Kg6 18. Rf5 Qxf5 19. exf5+ Kxf6 20. Re1 Rh8 21. h3 Rag8 22. Qe3 Rg5 23. g4 Rgg8 24. Kg2 Rh4 25. Qg3 Rgh8 26. d4 R4h7 27. Qe3 Rg8 28. Kg3 Kg7 29. Qg5+ Kh8 30. Qf6+ Rhg7 31. h4 Rf8 32. g5 Kg8 33. h5 a6 34. Kg4 b5 35. h6 Rh7 36. Kh5 Nd8 37. g6 fxg6+ 38. Qxg6+ Kh8 39. Re8 1-0

[Event "Pula op 30th"]
[Site "Pula"]
[Date "2016.09.13"]
[Round "4"]
[White "Fucak, Emilijo"]
[Black "Siljan, Milorad"]
[Result "0-1"]
[WhiteElo "2208"]
[BlackElo "1971"]
[PlyCount "118"]
[EventDate "2016.09.10"]
[EventType "swiss"]
[EventRounds "9"]
[EventCountry "CRO"]
[SourceTitle "CBM 174 Extra"]
[Source "ChessBase"]
[SourceDate "2016.10.10"]
[SourceVersion "1"]
[SourceVersionDate "2016.10.10"]
[SourceQuality "1"]

1. Nf3 Nf6 2. c4 e6 3. Nc3 d5 4. e3 Be7 5. d4 0-0 6. Qc2 b6 7. Bd2 Bb7 8. Rc1 dxc4 9. Bxc4 c5 10. dxc5 Bxc5 11. a3 Nbd7 12. 0-0 Rc8 13. Be2 Bd6 14. Qb1 Bb8 15. Rfd1 Qe7 16. e4 h6 17. Be3 Ng4 18. Bb5 Rfd8 19. Bxd7 Rxd7 20. Rxd7 Qxd7 21. Rd1 Qe7 22. Qd3 Ne5 23. Nxe5 Bxe5 24. Bd4 Rd8 25. Bxe5 Rxd3 26. Rxd3 Ba6 27. Rd1 Bc4 28. h3 b5 29. Bd6 Qg5 30. Kh2 e5 31. Bc5 a5 32. Be3 Qe7 33. Nd5 Qb7 34. f3 Kh7 35. g4 Bb3 36. Rd3 Bc4 37. Rd2 b4 38. axb4 axb4 39. Bc5 Qb5 40. Bd6 Bxd5 41. exd5 Qb6 42. Be7 Qe3 43. Rg2 Qxf3 44. d6 Qd5 45. d7 Qxd7 46. Bxb4 e4 47. Bc3 e3 48. Kg3 Qd3 49. h4 h5 50. gxh5 f5 51. Kh2 f4 52. Rxg7+ Kh6 53. Rf7 Qe2+ 54. Kh3 Qf3+ 55. Kh2 Qg3+ 56. Kh1 Qxh4+ 57. Kg2 Qg3+ 58. Kh1 f3 59. Rg7 Qh3+ 0-1

[Event "CRO-chT2W"]
[Site "Croatia"]
[Date "2016.04.09"]
[Round "4.4"]
[White "Crnkovic, Zdravko"]
[Black "Siljan, Milorad"]
[Result "1-0"]
[WhiteElo "1998"]
[BlackElo "1987"]
[PlyCount "120"]
[EventDate "2016.03.05"]
[EventType "team-tourn"]
[EventRounds "9"]
[EventCountry "CRO"]
[SourceTitle "CBM 171 Extra"]
[Source "ChessBase"]
[SourceDate "2016.04.26"]
[SourceVersion "1"]
[SourceVersionDate "2016.04.26"]
[SourceQuality "1"]
[WhiteTeam "Rovinj Batana"]
[BlackTeam "Pula Uljanik"]
[WhiteTeamCountry "CRO"]
[BlackTeamCountry "CRO"]

1. e4 Nf6 2. Nc3 e5 3. Nf3 Nc6 4. Bc4 Be7 5. d4 exd4 6. Nxd4 Nxd4 7. Qxd4 d6 8. Nd5 Nxd5 9. exd5 0-0 10. 0-0 Bf6 11. Qd1 Bf5 12. Bd3 Bxd3 13. Qxd3 Qd7 14. h3 c5 15. Rb1 b5 16. b3 a5 17. c4 b4 18. Bf4 a4 19. Rfe1 axb3 20. axb3 Rfe8 21. Qg3 Red8 22. Bxd6 Bc3 23. Be5 Bxe5 24. Rxe5 Rf8 25. Rbe1 g6 26. Qe3 Qd6 27. Qh6 Rad8 28. f4 Qf6 29. f5 Qd6 30. Qe3 gxf5 31. Rxf5 f6 32. Qh6 Qg3 33. Re3 Qg6 34. Qf4 Kh8 35. Re6 Rg8 36. Qf2 Rdf8 37. Rfxf6 Rxf6 38. Qxf6+ Qxf6 39. Rxf6 Rg3 40. Rf3 Rg6 41. Kf2 Ra6 42. g4 Kg7 43. Kg3 Ra2 44. Kf4 Kf6 45. h4 Ke7 46. Re3+ Kd7 47. h5 h6 48. Rg3 Rf2+ 49. Ke4 Rh2 50. Rf3 Ke7 51. Kf5 Rc2 52. g5 hxg5 53. Kxg5 Rg2+ 54. Kf4 Kf6 55. Rg3 Rh2 56. Kg4 Kg7 57. Rd3 Kf7 58. d6 Ke8 59. Rh3 Rg2+ 60. Kf5 Kd7 1-0

[Event "CRO-chT2W"]
[Site "Croatia"]
[Date "2016.03.06"]
[Round "2.4"]
[White "Levar, Nenad"]
[Black "Siljan, Milorad"]
[Result "1-0"]
[WhiteElo "2065"]
[BlackElo "1987"]
[PlyCount "99"]
[EventDate "2016.03.05"]
[EventType "team-tourn"]
[EventRounds "9"]
[EventCountry "CRO"]
[SourceTitle "CBM 171 Extra"]
[Source "ChessBase"]
[SourceDate "2016.04.26"]
[SourceVersion "1"]
[SourceVersionDate "2016.04.26"]
[SourceQuality "1"]
[WhiteTeam "Karlobag"]
[BlackTeam "Pula Uljanik"]
[WhiteTeamCountry "CRO"]
[BlackTeamCountry "CRO"]

1. d4 Nf6 2. Nf3 e6 3. c4 b6 4. g3 Bb4+ 5. Bd2 Bxd2+ 6. Nbxd2 Bb7 7. Bg2 0-0 8. 0-0 d6 9. Qc2 Nbd7 10. e4 e5 11. d5 a5 12. b3 Nc5 13. Nh4 g6 14. a3 Nh5 15. b4 Nd7 16. Nb3 axb4 17. axb4 Qe7 18. Rxa8 Rxa8 19. Rc1 Bc8 20. c5 dxc5 21. bxc5 bxc5 22. h3 Nf4 23. Nf3 Nxg2 24. Kxg2 Qf6 25. Ne1 c6 26. Nxc5 cxd5 27. exd5 Nxc5 28. Qxc5 Qf5 29. g4 Qe4+ 30. f3 Qe2+ 31. Qf2 Qxf2+ 32. Kxf2 Bb7 33. d6 Rd8 34. Rc7 Ba6 35. Rc6 Bb5 36. Rb6 Bc4 37. Nc2 Kf8 38. Ke3 f5 39. gxf5 gxf5 40. f4 Re8 41. fxe5 Rxe5+ 42. Kf4 Re4+ 43. Kf3 Be2+ 44. Kf2 f4 45. Rb8+ Re8 46. Rxe8+ Kxe8 47. Kxe2 Kd7 48. Kf3 Kxd6 49. Kxf4 Ke6 50. Kg5 1-0

[Event "CRO-chT2W"]
[Site "Croatia"]
[Date "2016.03.05"]
[Round "1.4"]
[White "Rajter, Emil"]
[Black "Siljan, Milorad"]
[Result "1/2-1/2"]
[WhiteElo "1903"]
[BlackElo "1987"]
[PlyCount "88"]
[EventDate "2016.03.05"]
[EventType "team-tourn"]
[EventRounds "9"]
[EventCountry "CRO"]
[SourceTitle "CBM 171 Extra"]
[Source "ChessBase"]
[SourceDate "2016.04.26"]
[SourceVersion "1"]
[SourceVersionDate "2016.04.26"]
[SourceQuality "1"]
[WhiteTeam "Kraljevica"]
[BlackTeam "Pula Uljanik"]
[WhiteTeamCountry "CRO"]
[BlackTeamCountry "CRO"]

1. Nf3 c5 2. c4 Nc6 3. Nc3 Nf6 4. e3 d5 5. cxd5 Nxd5 6. d4 e6 7. Be2 Be7 8. 0-0 0-0 9. Nxd5 Qxd5 10. dxc5 Qxc5 11. e4 Ne5 12. Be3 Nxf3+ 13. Bxf3 Qb4 14. Qe2 Bd7 15. Rfd1 Bb5 16. Qd2 Qxd2 17. Rxd2 Bc6 18. g3 f5 19. Rc1 fxe4 20. Be2 Bd5 21. Bc4 Rfd8 22. Bxd5 exd5 23. Rcd1 b6 24. Rxd5 Rxd5 25. Rxd5 Kf7 26. Rd7 Ke6 27. Rd4 Ke5 28. Rc4 Kd5 29. b3 Bc5 30. Bxc5 bxc5 31. Kf1 Re8 32. Ke2 Re6 33. Ra4 a6 34. Ke3 Rf6 35. Ra5 Rb6 36. Ra4 Rf6 37. Rc4 Rf3+ 38. Ke2 Rf6 39. Rc2 Rf3 40. Rd2+ Ke6 41. Rd8 Rc3 42. Kd2 Rf3 43. Ke2 Rc3 44. Kd2 Rf3 1/2-1/2

[Event "Istria Cup"]
[Site "Pazin"]
[Date "2014.04.05"]
[Round "2"]
[White "Siljan, Milorad"]
[Black "Grbac, Boris"]
[Result "1-0"]
[WhiteElo "2075"]
[BlackElo "2178"]
[PlyCount "53"]
[EventDate "2014.04.05"]
[EventType "team-tourn"]
[EventRounds "3"]
[EventCountry "CRO"]
[SourceTitle "EXT 2016"]
[Source "ChessBase"]
[SourceDate "2015.10.08"]
[SourceVersion "1"]
[SourceVersionDate "2015.10.08"]
[SourceQuality "1"]

1. e4 c5 2. Nf3 d6 3. d4 cxd4 4. Nxd4 Nf6 5. Nc3 g6 6. Be2 Bg7 7. Be3 0-0 8. Qd2 Ng4 9. Bxg4 Bxg4 10. f3 Bd7 11. h4 Nc6 12. 0-0-0 Ne5 13. Kb1 Nc4 14. Qd3 Nxe3 15. Qxe3 b5 16. h5 b4 17. Nce2 Qb6 18. Qd2 a5 19. hxg6 hxg6 20. Qg5 e5 21. Nf5 gxf5 22. exf5 f6 23. Qg6 Rf7 24. Rh7 Kf8 25. Rdh1 Be8 26. Rxg7 Ke7 27. Rhh7 1-0

[Event "Pula CC-ch"]
[Site "Pula"]
[Date "2014.02.07"]
[Round "7"]
[White "Zufic, Miroslav"]
[Black "Siljan, Milorad"]
[Result "1-0"]
[WhiteElo "2466"]
[BlackElo "2067"]
[PlyCount "83"]
[EventDate "2014.01.17"]
[EventType "swiss"]
[EventRounds "9"]
[EventCountry "CRO"]
[SourceTitle "EXT 2016"]
[Source "ChessBase"]
[SourceDate "2015.10.08"]
[SourceVersion "1"]
[SourceVersionDate "2015.10.08"]
[SourceQuality "1"]

1. e4 e5 2. Bc4 Nf6 3. d3 d5 4. exd5 Nxd5 5. Nf3 Nc6 6. 0-0 Be7 7. Re1 Qd6 8. Nbd2 f5 9. Bb5 0-0 10. Nc4 Qc5 11. Bxc6 Qxc6 12. Ncxe5 Qb6 13. c4 Nf6 14. Qc2 Bc5 15. Be3 Bxe3 16. Rxe3 Ng4 17. Re2 Nxe5 18. Rxe5 Bd7 19. Qc3 Qg6 20. Rae1 Bc6 21. d4 Be4 22. g3 Bxf3 23. Qxf3 f4 24. Qxb7 fxg3 25. hxg3 Rad8 26. Qe4 Qb6 27. Rd5 Qxb2 28. Qe6+ Kh8 29. Re2 Qb8 30. Rxd8 Rxd8 31. Re5 h6 32. d5 Qb1+ 33. Kg2 Rf8 34. Re2 a5 35. Qe4 Qb8 36. Qg6 Qd8 37. Re6 Qd7 38. Rc6 Qd8 39. Qe4 Rf7 40. Re6 Rf8 41. Qe5 Qd7 42. Rxh6+ 1-0

[Event "CRO-chT3 West"]
[Site "Croatia"]
[Date "2010.10.23"]
[Round "7.15"]
[White "Siljan, Milorad"]
[Black "Sercer, Zoran"]
[Result "1-0"]
[WhiteElo "2109"]
[BlackElo "2101"]
[PlyCount "79"]
[EventDate "2010.03.27"]
[EventType "team-tourn"]
[EventRounds "9"]
[EventCountry "CRO"]
[SourceTitle "EXT 2012"]
[Source "ChessBase"]
[SourceDate "2011.11.24"]
[SourceVersion "1"]
[SourceVersionDate "2011.11.24"]
[SourceQuality "1"]

1. e4 c6 2. d4 d5 3. Nc3 dxe4 4. Nxe4 Bf5 5. Ng3 Bg6 6. Nf3 Nd7 7. Nh4 e6 8. Nxg6 hxg6 9. Be3 Ngf6 10. Qd2 Bd6 11. 0-0-0 Nd5 12. Be2 Qc7 13. Kb1 N7f6 14. c4 Nxe3 15. Qxe3 Bf4 16. Qa3 Bd6 17. Qf3 Rh4 18. Nf1 Be7 19. g3 Re4 20. Ne3 Rd8 21. Nc2 e5 22. Bd3 Rg4 23. dxe5 Qxe5 24. Rhe1 Qc7 25. h4 Kf8 26. Rh1 Qe5 27. Rhe1 Qc7 28. Qe3 a5 29. f4 Nh5 30. Rg1 b6 31. Qf3 Nf6 32. Ne3 Qc8 33. Be2 Bc5 34. Rxd8+ Qxd8 35. Rd1 Qc8 36. Nxg4 Qf5+ 37. Ka1 a4 38. Nxf6 Qxf6 39. Qc3 Qe6 40. Qe5 1-0